Statistics for World Cities by Clue Quiz #2

Click here to take the quiz!

General Stats

  • This quiz has been taken 32,229 times
    (32,220 since last reset)
  • The average score is 13 of 20

Answer Stats

Clues City % Correct
EU Capital, Waffle, SproutBrussels
93%
Checkpoint Charlie, Brandenburg Gate,
Potsdamer Platz
Berlin
92%
Tahrir Square, Nile River, MinaretsCairo
87%
Camp Nou, Catalan, Sagrada FamíliaBarcelona
85%
Communist Pact, Jewish Ghetto,
Vistula River
Warsaw
80%
CN Tower, Mayor Rob Ford, DrakeToronto
78%
Dragon Tattoo Girl, Baltic Sea,
Hostage Syndrome
Stockholm
78%
Gangnam, Samsung, Han RiverSeoul
77%
Little Mermaid, Øresund Bridge,
Tivoli Gardens
Copenhagen
76%
Ancient Library, Lighthouse Wonder,
Named for Conqueror
Alexandria
73%
Bollywood, Marathi Language, Dharavi SlumMumbai
71%
Lombardy, Armani, Piazza DuomoMilan
67%
European Central Bank, Main River,
Hot Dogs
Frankfurt
61%
Franz Ferdinand, Winter Olympics, BalkansSarajevo
58%
Charles Bridge, Franz Kafka, Spring of 1968Prague
54%
Carthage, Avenue Habib Bourguiba,
Arab Spring
Tunis
49%
Neighbours, Cricket Grounds, Port PhilipMelbourne
40%
Fringe Festival, Parliament, David HumeEdinburgh
39%
Stampede, Oil Industry, Close to BanffCalgary
36%
Danzig, Free City, Lech WałęsaGdansk
34%

Score Distribution

Percentile by Number Answered

Percent of People with Each Score

Your Score History

You have not taken this quiz since the last reset